000 00547nam a2200205Ia 4500
003 0100
005 20140206161426.0
008 130303s9999 xx 000 0 und d
020 _a8170368952
040 _cARRUPELIB
050 _aLC2324.G45
245 4 _aThe gender gap in education
245 _bNGOs as Change agents
260 _aNew Delhi
260 _bSage Publishers
300 _a286p.
650 _aNon-Governmental organisations-India-Influence
_98266
700 _aRekha Wazir , Wazir, Rekha
_98267
942 0 0 _01
_2lcc
_cMONOGRAPH
999 _c7498
_d7498